000 00433nam a22001457a 4500
008 250625b |||||||| |||| 00| 0 eng d
020 _a0131971344
050 _aHD62.15
_bG38
100 _aGOETSCH David L
245 _aQuality Management Introduction To Total Quality Management For Production, Proccessing And Services
250 _a5th Edition
260 _aU. S. A
_bPearson Prentice Hall
_c2006
300 _a814P
942 _cBK
999 _c3961
_d3961